| 000 -LEADER |
| fixed length control field |
02269cam a2200445 a 4500 |
| 001 - CONTROL NUMBER |
| control field |
13326583 |
| 005 - DATE AND TIME OF LATEST TRANSACTION |
| control field |
20170105102851.0 |
| 008 - FIXED-LENGTH DATA ELEMENTS--GENERAL INFORMATION |
| fixed length control field |
030827s2004 miuab c b 001 0 eng |
| 010 ## - LIBRARY OF CONGRESS CONTROL NUMBER |
| LC control number |
2003019223 |
| 020 ## - INTERNATIONAL STANDARD BOOK NUMBER |
| International Standard Book Number |
0787690899 (set : alk. paper) |
| 020 ## - INTERNATIONAL STANDARD BOOK NUMBER |
| International Standard Book Number |
0787676624 (v. 1) |
| 020 ## - INTERNATIONAL STANDARD BOOK NUMBER |
| International Standard Book Number |
0787690872 (v. 2) |
| 040 ## - CATALOGING SOURCE |
| Original cataloging agency |
DLC |
| Transcribing agency |
DLC |
| Modifying agency |
DLC |
| 042 ## - AUTHENTICATION CODE |
| Authentication code |
lcac |
| 043 ## - GEOGRAPHIC AREA CODE |
| Geographic area code |
n-us--- |
| -- |
e-ur--- |
| 050 00 - LIBRARY OF CONGRESS CALL NUMBER |
| Classification number |
D843 |
| Item number |
.H284 2004 |
| 082 00 - DEWEY DECIMAL CLASSIFICATION NUMBER |
| Classification number |
909.82/5 |
| Edition number |
22 |
| 100 1# - MAIN ENTRY--PERSONAL NAME |
| Personal name |
Hanes, Sharon M. |
| 245 10 - TITLE STATEMENT |
| Title |
Cold War : |
| Remainder of title |
almanac / |
| Statement of responsibility, etc. |
Sharon M. Hanes and Richard C. Hanes ; Lawrence W. Baker, editor. |
| 260 ## - PUBLICATION, DISTRIBUTION, ETC. |
| Place of publication, distribution, etc. |
Detroit : |
| Name of publisher, distributor, etc. |
UXL, |
| Date of publication, distribution, etc. |
c2004. |
| 300 ## - PHYSICAL DESCRIPTION |
| Extent |
2 v. : |
| Other physical details |
ill., maps ; |
| Dimensions |
24 cm. |
| 440 #0 - SERIES STATEMENT/ADDED ENTRY--TITLE |
| Title |
U-X-L Cold War reference library |
| 504 ## - BIBLIOGRAPHY, ETC. NOTE |
| Bibliography, etc. note |
Includes bibliographical references and index. |
| 505 0# - FORMATTED CONTENTS NOTE |
| Formatted contents note |
Vol. 1. Origins of the Cold War ; Conflict builds ; Germany and Berlin ; Dawning of the nuclear age ; Homeland insecurities ; Espionage in the Cold War ; A worldwide Cold War -- v. 2. Renewed tensions ; Cuban Missile Crisis ; Mutual assured destruction ; An unsettled world ; Home front turmoil : the 1960s ; Détente : a lessening of tensions ; A freeze in relations ; End of the Cold War. |
| 650 #0 - SUBJECT ADDED ENTRY--TOPICAL TERM |
| Topical term or geographic name entry element |
Cold War |
| Form subdivision |
Juvenile literature. |
| 650 #0 - SUBJECT ADDED ENTRY--TOPICAL TERM |
| Topical term or geographic name entry element |
World politics |
| Chronological subdivision |
1945-1989 |
| Form subdivision |
Juvenile literature. |
| 650 #0 - SUBJECT ADDED ENTRY--TOPICAL TERM |
| Topical term or geographic name entry element |
Cuban Missile crisis, 1962 |
| Form subdivision |
Juvenile literature. |
| 650 #1 - SUBJECT ADDED ENTRY--TOPICAL TERM |
| Topical term or geographic name entry element |
Cold War. |
| 651 #0 - SUBJECT ADDED ENTRY--GEOGRAPHIC NAME |
| Geographic name |
United States |
| General subdivision |
Foreign relations |
| Geographic subdivision |
Soviet Union |
| Form subdivision |
Juvenile literature. |
| 651 #0 - SUBJECT ADDED ENTRY--GEOGRAPHIC NAME |
| Geographic name |
Soviet Union |
| General subdivision |
Foreign relations |
| Geographic subdivision |
United States |
| Form subdivision |
Juvenile literature. |
| 651 #1 - SUBJECT ADDED ENTRY--GEOGRAPHIC NAME |
| Geographic name |
United States |
| General subdivision |
Foreign relations |
| Geographic subdivision |
Soviet Union. |
| 651 #1 - SUBJECT ADDED ENTRY--GEOGRAPHIC NAME |
| Geographic name |
Soviet Union |
| General subdivision |
Foreign relations |
| Geographic subdivision |
United States. |
| 700 1# - ADDED ENTRY--PERSONAL NAME |
| Personal name |
Hanes, Richard Clay, |
| Dates associated with a name |
1946- |
| 700 1# - ADDED ENTRY--PERSONAL NAME |
| Personal name |
Baker, Lawrence W. |
| 856 41 - ELECTRONIC LOCATION AND ACCESS |
| Materials specified |
Table of contents |
| Uniform Resource Identifier |
<a href="http://www.loc.gov/catdir/toc/ecip048/2003019223.html">http://www.loc.gov/catdir/toc/ecip048/2003019223.html</a> |
| 906 ## - LOCAL DATA ELEMENT F, LDF (RLIN) |
| a |
7 |
| b |
cbc |
| c |
orignew |
| d |
1 |
| e |
ecip |
| f |
20 |
| g |
y-gencatlg |
| 942 ## - ADDED ENTRY ELEMENTS (KOHA) |
| Source of classification or shelving scheme |
|
| Koha item type |
Book |